[Event "North American-ch U20 Girls"]
[Site "Dulles"]
[Date "2023.12.22"]
[Round "8"]
[White "Qian, Ashley"]
[Black "Roy, Aanya"]
[Result "1-0"]
[WhiteElo "1619"]
[BlackElo "1591"]
[PlyCount "137"]
[EventDate "2023.12.19"]
[EventType "swiss"]
[EventRounds "9"]
[EventCountry "USA"]
[SourceTitle "CB52_2023"]
[SourceDate "2023.12.27"]
[SourceVersion "1"]
[SourceVersionDate "2023.12.27"]
[SourceQuality "1"]

1. e4 e6 2. d4 d5 3. Nd2 Nf6 4. e5 Nfd7 5. Bd3 c5 6. c3 Nc6 7. Ne2 cxd4 8. cxd4 f6 9. exf6 Nxf6 10. Nf3 Bd6 11. 0-0 0-0 12. Bf4 Nh5 13. Bxd6 Qxd6 14. Rc1 Bd7 15. Re1 Nf4 16. Nxf4 Qxf4 17. Bb1 Rf6 18. Qd3 g6 19. Qe3 Raf8 20. Rf1 Re8 21. a3 a6 22. Rfe1 Ref8 23. Kh1 Kg7 24. h3 Kg8 25. Kg1 Kg7 26. Rcd1 Kg8 27. Qb3 Bc8 28. Qe3 Bd7 29. Rf1 Kg7 30. Nh2 Qxe3 31. fxe3 Rxf1+ 32. Nxf1 Na5 33. Nd2 Rc8 34. e4 Ba4 35. Re1 Nb3 36. Nf3 Na5 37. exd5 exd5 38. Ba2 Bc6 39. Ne5 Re8 40. Rf1 Re7 41. b4 Nc4 42. Nxc4 dxc4 43. Bxc4 Rd7 44. Rd1 Bd5 45. Bxd5 Rxd5 46. Kf2 Kf6 47. Ke3 Ke6 48. Ke4 Rg5 49. g4 h5 50. Kf4 Rd5 51. Rd3 Kd6 52. Ke4 Ke6 53. Rg3 Rb5 54. h4 g5 55. gxh5 gxh4 56. d5+ Kd6 57. Rg6+ Ke7 58. h6 Kf7 59. Rg4 Rb6 60. Rxh4 Kg8 61. Ke5 Rg6 62. d6 Rg1 63. Ke6 Re1+ 64. Kd7 b5 65. Kd8 Re3 66. d7 Rxa3 67. Rd4 Kf7 68. Kc7 Rc3+ 69. Kb7 1-0

[Event "North American-ch U20 Girls"]
[Site "Dulles"]
[Date "2023.12.21"]
[Round "6"]
[White "Dommalapati, Aasa"]
[Black "Roy, Aanya"]
[Result "1-0"]
[WhiteElo "1836"]
[BlackElo "1591"]
[PlyCount "139"]
[EventDate "2023.12.19"]
[EventType "swiss"]
[EventRounds "9"]
[EventCountry "USA"]
[SourceTitle "CB52_2023"]
[SourceDate "2023.12.27"]
[SourceVersion "1"]
[SourceVersionDate "2023.12.27"]
[SourceQuality "1"]

1. e4 e6 2. d4 d5 3. Nc3 Nf6 4. Bg5 Be7 5. e5 Nfd7 6. h4 h6 7. Bxe7 Qxe7 8. f4 a6 9. Nf3 c5 10. Qd2 Nc6 11. dxc5 Nxc5 12. 0-0-0 b5 13. Bd3 Nxd3+ 14. Qxd3 Bb7 15. Kb1 Na5 16. b3 0-0-0 17. Nd4 Kb8 18. a4 b4 19. Na2 Rc8 20. Qd2 Nc6 21. Nxc6+ Rxc6 22. Nxb4 Rb6 23. Nd3 Qa3 24. Qf2 Rc6 25. Qd4 Rhc8 26. Qb4 Qxb4 27. Nxb4 Rc3 28. Rd2 Rg3 29. Nd3 a5 30. Kb2 Ba6 31. Nc1 Rcc3 32. Re1 Rce3 33. Rxe3 Rxe3 34. Nd3 Rg3 35. Nc5 Bc8 36. h5 Rg4 37. Rf2 Rh4 38. c4 dxc4 39. bxc4 Rxh5 40. Nb3 g5 41. Nxa5 gxf4 42. Rxf4 Bd7 43. Kb3 Rxe5 44. Rxf7 Rxa5 45. Rxd7 Rg5 46. Re7 Rxg2 47. Rxe6 h5 48. Rh6 Rh2 49. Rh7 h4 50. Kb4 h3 51. Kc5 Rh1 52. Kb6 Rb1+ 53. Kc6 Rh1 54. c5 h2 55. a5 Ka8 56. a6 Kb8 57. Rb7+ Ka8 58. Rb2 Ka7 59. Ra2 Kb8 60. Rb2+ Ka7 61. Kb5 Kb8 62. Kb6 Ka8 63. c6 Kb8 64. a7+ Ka8 65. Kc7 Ra1 66. Rxh2 Kxa7 67. Kc8 Kb6 68. c7 Kc6 69. Rh6+ Kd5 70. Kd8 1-0

[Event "IND-ch U14 Girls 34th"]
[Site "Ahmedabad"]
[Date "2022.05.13"]
[Round "10"]
[White "Roy, Aanya"]
[Black "Mrittika, Mallick"]
[Result "0-1"]
[WhiteElo "1560"]
[BlackElo "1982"]
[PlyCount "76"]
[EventDate "2022.05.09"]
[EventType "swiss"]
[EventRounds "11"]
[EventCountry "IND"]
[SourceTitle "EXT 2023"]
[Source "ChessBase"]
[SourceDate "2022.10.05"]
[SourceVersion "1"]
[SourceVersionDate "2022.10.05"]
[SourceQuality "1"]

1. e4 c5 2. Nf3 d6 3. d4 cxd4 4. Nxd4 Nf6 5. Nc3 a6 6. Be2 e5 7. Nb3 Be7 8. 0-0 0-0 9. Kh1 Nbd7 10. a4 b6 11. f4 Bb7 12. Bf3 Rc8 13. Qe1 Qc7 14. g4 exf4 15. g5 Ne8 16. Bxf4 Ne5 17. Bg2 g6 18. Nd4 Ng7 19. Nd5 Bxd5 20. exd5 Nh5 21. h4 Nxf4 22. Rxf4 Rfe8 23. Qf1 Ra8 24. Nc6 Bf8 25. c4 Bg7 26. Rb1 Rf8 27. b3 Rae8 28. Re1 h6 29. Nb4 hxg5 30. hxg5 Qd8 31. Nxa6 Qxg5 32. Bh3 Nd3 33. Rxe8 Rxe8 34. Rg4 Qd2 35. Rg2 Qc3 36. Re2 Rxe2 37. Qxe2 Nf4 38. Qe8+ Kh7 0-1

[Event "IND-ch U14 Girls 34th"]
[Site "Ahmedabad"]
[Date "2022.05.10"]
[Round "4"]
[White "Arushi, Srichandan"]
[Black "Roy, Aanya"]
[Result "0-1"]
[WhiteElo "1292"]
[BlackElo "1560"]
[PlyCount "60"]
[EventDate "2022.05.09"]
[EventType "swiss"]
[EventRounds "11"]
[EventCountry "IND"]
[SourceTitle "EXT 2023"]
[Source "ChessBase"]
[SourceDate "2022.10.05"]
[SourceVersion "1"]
[SourceVersionDate "2022.10.05"]
[SourceQuality "1"]

1. e4 e6 2. d4 d5 3. e5 c5 4. c3 Qb6 5. Nf3 Nc6 6. Qb3 Qxb3 7. axb3 cxd4 8. cxd4 Be7 9. Nc3 f6 10. Bb5 Bd7 11. Be3 Bd8 12. g4 fxe5 13. dxe5 Nge7 14. 0-0 0-0 15. Kg2 a6 16. Bc5 Rc8 17. Bxc6 Bxc6 18. Nd4 Bd7 19. Bd6 Rf4 20. Rad1 Rxg4+ 21. Kf3 Rh4 22. Kg3 Rxd4 23. Rxd4 Nf5+ 24. Kg2 Nxd4 25. Re1 Nxb3 26. f4 g6 27. Rd1 Na5 28. Kf3 Nc4 29. h3 Nxb2 30. Rc1 Nd3 0-1

[Event "Kalyan op 2nd"]
[Site "Kalyan"]
[Date "2019.01.31"]
[Round "4"]
[White "Sarode, Om"]
[Black "Roy, Aanya"]
[Result "1-0"]
[WhiteElo "1426"]
[BlackElo "1217"]
[PlyCount "67"]
[EventDate "2019.01.29"]
[EventType "swiss"]
[EventRounds "10"]
[EventCountry "IND"]
[SourceTitle "CBM 188 Extra"]
[Source "ChessBase"]
[SourceDate "2019.02.26"]
[SourceVersion "1"]
[SourceVersionDate "2019.02.26"]
[SourceQuality "1"]

1. e4 e6 2. d4 d5 3. e5 c5 4. c3 Qb6 5. Nf3 Nc6 6. a3 a5 7. Bd3 Bd7 8. Bc2 Nh6 9. 0-0 Be7 10. Re1 Nf5 11. Bxf5 exf5 12. Re2 cxd4 13. cxd4 Be6 14. Nc3 Rb8 15. Rc2 h6 16. h4 Qd8 17. g3 g5 18. h5 g4 19. Ne1 Qb6 20. Be3 Bg5 21. Ng2 Bxe3 22. fxe3 Qd8 23. Nf4 Qd7 24. Nb5 Kd8 25. Qd3 Ke7 26. Nd6 Rhd8 27. Qe2 Kf8 28. Rac1 Kg8 29. Rc5 f6 30. Nxb7 Nxd4 31. exd4 Rxb7 32. Rc6 Bf7 33. e6 Bxe6 34. Rxe6 1-0